000 00469nam a2200217Ia 4500
003 IT-RoPAU
008 120407s9999 xx 000 0 und d
040 _aIT-RoPAU
040 _cIT-RoPAU
041 _aita
100 _aSpinelli
245 _aDizionario completo Italiano-Portoghese, Portoghese-Italiano
250 _aMilano
260 _aHoepli
260 _c1978
300 _c22 cm
490 _v1
700 _aCasasanta
942 _cBK
999 _c331
_d331